Statistiques concernant Autoroutes françaises les plus longues

Cliquez ici pour prendre le quiz!

Statistiques générales

  • Ce quiz a été pris 499 fois
  • Le résultat moyen est 13 sur 16

Statistiques - réponses

LongueurAutoroute% Correct
455 kmA6 (Paris - Lyon)
98%
314 kmA7 (Lyon - Marseille)
98%
480 kmA4 (Paris - Strasbourg)
96%
557 kmA10 (Paris - Bordeaux)
95%
285 kmA9 (Orange - Espagne)
90%
347 kmA11 (Saint-Arnoult-en-Yvelines - Nantes)
87%
425 kmA20 (Vierzon - Montauban)
84%
311 kmA16 (L'Isle Adam - Belgique)
77%
350 kmA31 (Luxembourg - Beaune)
74%
405 kmA26 (Calais - Troyes)
71%
387 kmA28 (Abbeville - Tours)
71%
335 kmA75 (Clermont-Ferrand - Béziers)
69%
487 kmA89 (Bordeaux - Lyon)
66%
290 kmA71 (Orléans - Clermont-Ferrand)
65%
268 kmA29 (Beuzeville - Saint-Quentin)
64%
277 kmA64 (Bayonne - Toulouse)
60%

Distribution des résultats

Percentile par nombre de réponses

% des personnes avec chaque résultat

Votre développement - résultats

Vous n’avez pas pris ce quiz